Ένα γελαστό απόγευμα : νουβέλα
Saved in:
| Main Author: | |
|---|---|
| Format: | Book |
| Language: | Greek |
| Published: |
Αθήνα :
Καστανιώτης,
1999
|
| Edition: | 3η έκδ. |
| Subjects: | |
| Tags: |
Add Tag
No Tags, Be the first to tag this record!
|
MARC
| LEADER | 00000nam a2200000 i 4500 | ||
|---|---|---|---|
| 001 | 1/2640 | ||
| 008 | 000511s1999 gre d | ||
| 020 | |a 960-03-2472-7 | ||
| 035 | |l 10060511 | ||
| 040 | |a GR-MY-UA |b gre |e aacr | ||
| 041 | 0 | |a gre | |
| 082 | 0 | |a 889.3 | |
| 100 | 1 | |a Γερμανός, Φρέντυ, |d 1934-1999. | |
| 245 | 1 | 0 | |a Ένα γελαστό απόγευμα : |b νουβέλα / |c Φρέντυ Γερμανός |
| 250 | |a 3η έκδ. | ||
| 260 | |a Αθήνα : |b Καστανιώτης, |c 1999 | ||
| 300 | |a 81 σ.; |c 21 εκ. | ||
| 650 | 0 | 0 | |a Short stories, Greek (Modern) |
| 650 | 0 | 0 | |a Greek literature, Modern. |
| 852 | |a INST |b CHIOS |e 20000906 |h 889.3 ΓΕΡ |p 005200018862 |q 005200018862 |t BK |y 0 | ||
| 852 | |a INST |b LESVOS |e 20000511 |h 889.36 ΓΕΡ |p 005100024462 |q 005100024462 |t BK |y 0 | ||
| 901 | |a BIBL2-2000-2 | ||
| 901 | |a BIBL1-2000-2 | ||
| 909 | |a Χ |b 072500 | ||
| 909 | |a Λ |b 073072 | ||
| 922 | |a 2ΕΛΗ |b 199912 |c ΤΔΕ |d ΠΑΠΑΣΩΤΗΡΙΟΥ | ||
| 922 | |a 1ΕΛΗ |b 199912 |c ΤΑΚ/ΚΥΒ |d ΠΑΠΑΣΩΤΗΡΙΟΥ | ||
| 950 | |a 082-1999-11-29 | ||
| 970 | |z 2000/06/ELIDOC | ||
| 970 | |a ΑΙΒΑΤΖΙΔΟΥ |b ΕΛΕΝΗ |z 2000/05/11 | ||